Statistics for Best Picture Nominees 2020

Click here to take the quiz!

General Stats

  • This quiz has been taken 15 times
  • The average score is 7 of 9

Answer Stats

StarredAnswer% Correct
Joaquin PhoenixJoker
100%
Leonardo DiCaprioOnce Upon A Time In Hollywood
93%
Cho Yeo-JeongParasite
93%
Taika WatitiJoJo Rabbit
80%
Robert DeNiroThe Irishman
80%
Scarlett JohanssonMarriage Story
73%
George MacKay1917
60%
Christian BaleFord v Ferrari
60%
Florence PughLittle Woman
40%

Score Distribution

Percentile by Number Answered

Percent of People with Each Score

Your Score History

You have not taken this quiz